Click the Dravidian Language Written in a Dravidian Language - Statistics

General Stats
  • This quiz has been taken 51 times
  • The average score is 7 of 16
Answer Stats
Hint Answer % Correct
தமிழ் Tamil
78%
ಮಲಯಾಳಂ Malayalam
57%
ಕನ್ನಡ Kannada
54%
మలయాళం Malayalam
51%
తెలుగు Telugu
51%
ತೆಲುಗು Telugu
51%
கன்னடம் Kannada
43%
മലയാളം Malayalam
43%
மலையாளம் Malayalam
43%
కర్ణాటం Kannada
41%
തമിഴ് Tamil
41%
കന്നഡ Kannada
38%
ಅರವು Tamil
35%
തെലുങ്കു Telugu
35%
అరవం Tamil
32%
தெலுங்கு Telugu
24%
No matching quizzes found
Score Distribution
Percent of People with Each Score
Percentile by Number Answered
Your Score History
You have not taken this quiz